01251nam a2200301 i 4500001001000000003000900010005001700019007000300036008004100039020001800080040003000098041000800128082003000136100005800166245011500224250002100339264007500360300005500435336002700490337003300517338002800550490006900578500003400647500007300681504003900754650007800793651007800871000038817DO-SdBNP20241025112950.0ta101007t2012 dr ac 001 0 spa d a9789945462449 aDO-SdBNPbspacBNPHUerda aspa 4a972.93053bC794a 20122221 aCordero Michel, José R., d1931-1959eautor4aut.10aAnálisis de la Era de Trujillo :binforme sobre la República Dominicana, 1959 /cJosé R. Cordero Michel. aOctava edición 1asanto Domingo :bComisión Permanente de Efemérides Patrias,c2012. a138 páginas :bilustraciones, retratos ;c23 cm. atextobtxt2rdacontent asin mediaciónbn2rdamedia avolumenbnc2rdacarrier0 aColección 50 Aniversario del ajusticiamiento de Trujillo ;v10 aIncluye índice onomástico aIncluye referencias bibliográficas y notas al pie de las páginas aBibliografía : páginas 133-136 4aEducaciónzRepública DominicanaxHistoriayEra de Trujillo, 1930-1961 4aRepública DominicanaxPolítica y gobiernoyEra de Trujillo, 1930-1961